00605nam a2200193Ia 4500008004100000020000700041082001200048100002300060245005000083250000700133260003900140300001400179500001900193600003300212650001200245942000700257952013200264999001500396240925s9999 xx 000 0 und d aNA a537 RAY aRaychaudhuri, A.K. 0aClassical theory of Electricity and Magnetism aNA aOxford:bOxford Universityc,1990. a0bNAfNA aIncludes Index aHumanities & Natural Science aPhysics cBK 011440708HUMaUITUbUITUd1996-05-20eBritish Council Karachig50.00l0o537 RAYpQ0706r2024-09-25 07:12:11w2024-09-25yBK c3205d3205